| 000 | 01153nam a22002655a 4500 | ||
|---|---|---|---|
| 003 | OSt | ||
| 005 | 20170221104538.0 | ||
| 008 | 161120s2008 ua frb 000 0 ara d | ||
| 015 | _a2006 / 21937 | ||
| 020 | _a9789770450561 | ||
| 040 |
_aEG-ScBUE _bara _cEG-ScBUE |
||
| 082 | 0 | 4 |
_a340.59 _bغ ز ا _222 |
| 100 | 1 | _aغزالي، أحمد محمد بخيت. | |
| 245 | 1 | 0 |
_aأحكام التركات والأوقاف في الفقه الإسلامي وما يجري عليه العمل في مصر ودول مجلس التعاون الخليجي / _cإعداد أحمد محمد بخيت الغزالي. |
| 260 |
_aالقاهرة : _bدار النهضة العربية، _c2008. |
||
| 300 |
_a479 ص. ؛ _c24 سم. |
||
| 504 | _aيشتمل على إرجاعات ببليوجرافية. | ||
| 650 | 7 |
_aالتركات (فقه إسلامي) _2BUEsh |
|
| 650 | 7 |
_aالوقف (فقه إسلامي) _2BUEsh |
|
| 650 | 7 |
_aالوقف _xقوانين وتشريعات _zمصر. _2BUEsh |
|
| 650 | 7 |
_aالوقف _xقوانين وتشريعات _zدول الخليج العربية. _2BUEsh |
|
| 651 | _2BUEsh | ||
| 653 |
_bLLAAWW _cFebruary2017 |
||
| 942 | _2ddc | ||
| 999 |
_c24210 _d24182 |
||